| 000 | 01725cam a2200385 a 4500 | ||
|---|---|---|---|
| 001 | 11856549 | ||
| 003 | ARRUPE | ||
| 005 | 20141031020006.0 | ||
| 008 | 991206s2000 enk b 001 0 eng | ||
| 010 | _a 99088501 | ||
| 020 | _a0521344476 | ||
| 040 |
_aDLC _cDLC _dDLC |
||
| 041 | 1 |
_aeng _hger |
|
| 050 | 0 | 0 |
_aB2783.E5 _bG89 2000 |
| 082 | 0 | 0 |
_a121 _221 |
| 100 | 1 |
_aKant, Immanuel, _d1724-1804. _96402 |
|
| 240 | 1 | 0 |
_aKritik der Urteilskraft. _lEnglish |
| 245 | 1 | 0 |
_aCritique of the power of judgment / _cedited by Paul Guyer; translated by Paul Guyer, Eric Matthews. |
| 260 |
_aCambridge, UK ; _aNew York : _bCambridge University Press, _c2000. |
||
| 300 |
_alii, 423 p. ; _c23 cm. |
||
| 490 | 1 | _aThe Cambridge edition of the works of Immanuel Kant | |
| 504 | _aIncludes bibliographical references (p. xlix-lii) and index. | ||
| 650 | 0 |
_aJudgment (Logic) _vEarly works to 1800. _96403 |
|
| 650 | 0 |
_aJudgment (Aesthetics) _vEarly works to 1800. _96404 |
|
| 650 | 0 |
_aAesthetics _vEarly works to 1800. _96405 |
|
| 650 | 0 |
_aTeleology _vEarly works to 1800. _96406 |
|
| 700 | 1 |
_aGuyer, Paul, _d1948- _96407 |
|
| 800 | 1 |
_aKant, Immanuel, _d1724-1804. _tWorks. _lEnglish. _f1992. _96408 |
|
| 856 | 4 | 1 |
_3Sample text _uhttp://www.loc.gov/catdir/samples/cam032/99088501.html |
| 856 | 4 | 2 |
_3Publisher description _uhttp://www.loc.gov/catdir/description/cam0210/99088501.html |
| 856 | 4 | 1 |
_3Table of contents _uhttp://www.loc.gov/catdir/toc/cam025/99088501.html |
| 906 |
_a7 _bcbc _corignew _d1 _eocip _f19 _gy-gencatlg |
||
| 942 |
_2lcc _cMONOGRAPH _03 |
||
| 999 |
_c119469 _d119469 |
||